000 00848cab a2200253 4500
001 ABS59870
008 090401t1998 xxu||||| |||| 00| 0 eng d
035 _a(Sirsi) u90191
041 _aeng
100 _aDavies, P.
245 _aGeneral anti-avoidance rule creates uncertainty
260 _c1998
350 _a0
490 _aProperty Forecast
_v1(9) December 1998, 3-5(2)
520 _aReviews the Inland Revenue Consultative Document on a tax General Anti-avoidance Rule. If enacted the law will have significant tax implications for property companies, necessitating a fundamental review of tax strategies and practice.
650 _aINLAND REVENUE
650 _aPROPERTY COMPANIES
650 _aTAX AVOIDANCE
650 _aTAX LIABILITY
690 _aTAXATION
700 _aSharma, H.
942 _n0
948 _c08/12/1998
999 _c57143
_d57143